000 00485nam a2200193Ia 4500
005 20250326141646.0
008 250326s9999 xx 000 0 und d
037 _aTextbook
040 _aFMSL
_beng
_cFMSL
041 _aeng
_2eng
084 _qFMSL
100 _aRBI
_9242664
245 0 _aReport on currency and fice 1988-89 Economic Review
_cRBI
260 _aBombay
_bBombay, RBI
_c1989
300 _a463p
490 _vvol I
942 _cTB
999 _c1291362
_d1291362